| 000 | | | 05481cbc2a2200000#x 450 |
| 001 | | | 144b53a1-a4fb-445c-b4f3-e57373641764 |
| 005 | | | 20181031115835.0 |
| 101 | 0# | $a | rus |
| 102 | ## | $a | RU |
| 200 | 1# | $a | Дело о губернской публичной библиотеке для чтения в городе Уфа (Оренбургской губернии) |
| | $j | 20 июня 1834 г. - 20 марта 1843 г. |
| 251 | ## | $c | Дело |
| 215 | ## | $a | 100 листов |
| | $d | 36,5х26 см |
| 225 | 0# | $a | Фонд Департамент народного просвещения Министерства народного просвещения |
| | $h | Опись № 7 |
| 801 | #0 | $a | RU |
| | $b | РГИА |
| 801 | #1 | $a | RU |
| | $b | ПБ им. Б.Н. Ельцина |
| | $2 | rusmarc |
| | $c | 20160712 |
| 801 | #2 | $a | RU |
| | $b | ПБ им. Б.Н. Ельцина |
| | $g | RCR |
| | $2 | rusmarc |
| 850 | ## | $a | Федеральное казенное учреждение "Российский государственный исторический архив" |
| 852 | ## | $a | РГИА |
| | $j | 58 |
| 937 | ## | $d | 10775276 |
| | $h | ПБ |
| 100 | ## | $a | 20130903l18341843k##a0rusy0102####са |
| 105 | ## | $a | y### |
| 122 | 2# | $a | d18340620## |
| | $a | d18430320## |
| 461 | #0 | $1 | 001a74412a3-3cc5-4d21-8f0a-dfe2fbd9e72d |
| | $1 | 2001 |
| | $a | Департамент народного просвещения Министерства народного просвещения |
| | $1 | 251 |
| | $c | Фонд |
| | $1 | 852 |
| | $j | 733 |
| 462 | #0 | $1 | 00199f44b25-621d-412b-8d2c-b02df9913b23 |
| | $1 | 2001 |
| | $a | 1833-1840 гг. |
| | $v | Д. 58 |
| | $1 | 251 |
| | $c | Опись |
| | $1 | 852 |
| | $j | 7 |
| 035 | ## | $a | 144b53a1-a4fb-445c-b4f3-e57373641764 |
| 606 | 1# | $2 | nlr_sh |
| | $3 | RU\NLR\AUTH\661536996 |
| | $a | Библиотеки |
| | $j | Документы и материалы |
| | $y | Уфа, город (Башкирия) |
| 617 | ## | $2 | prlib_sh |
| | $c | Оренбургская губерния |
| 617 | ## | $2 | prlib_sh |
| | $b | Башкортостан, Республика |
| 686 | ## | $2 | rubbk |
| | $a | 63.3(28-8Оре)52ю1 |
| | $v | LBC/M |
| 605 | ## | $2 | acquisition_Prlib |
| | $3 | DITM\AF\0000004675 |
| | $a | Территория |
| | $l | коллекция |
| 605 | ## | $a | Народ |
| | $l | коллекция |
| | $2 | acquisition_Prlib |
| | $3 | DITM\AF\0000003834 |
| 605 | ## | $a | Территория России: Башкортостан, Республика |
| | $l | коллекция |
| | $2 | acquisition_Prlib |
| | $3 | LIBNET\UAF\0000053731 |
| 605 | ## | $a | Республика Башкортостан: страницы истории |
| | $l | коллекция |
| | $2 | acquisition_Prlib |
| | $3 | LIBNET\UAF\0000053732 |
| 300 | ## | $a | Рукописный текст. Чернила |
| 300 | ## | $a | Оригинальный заголовок дела: Об открытии Публичной библиотеки для чтения в городе Уфе (Оренбургской губернии) |
| 517 | 1# | $a | Об открытии Публичной библиотеки для чтения в городе Уфе (Оренбургской губернии) |